01269 2200373 4500001002100000005001500021035002000036007000300056008004100059336002100100337002300121338003800144040002200182100002700204245008900231300003100320020002200351082001700373084001900390264004500409500006900454500004900523650002000572852002000592856007500612850001200687504003600699700003300735041001300768250003200781546003800813990002200851990002200873INLIS00000000090023320251013115117 a0010-1025000256ta251008t2016 jki gs ind d 2rdacontentateks 2rdamediaakomputer 2rdacarrierasumber sambung jaring aYOPDYOGbinderda0 aAlly CarterePengarang10aJangan menilai cewek dari penyamarannya /cAlly Carter; penerjemah, Alexandra Karina a1 berkas komputer (3,7 MB) a978-602-03-3506-304223a899.2213 a899.2213 ALL j31aJakarta :bGramedia Pustaka Utama,c2016 aUntuk mengakses buku ini silakan unduh aplikasi http://ijogja.id aJudul asli : Don't judge a gril by her cover 4aFiksi Indonesia8 aaplikasi Ijogja40aPerpustakaan Digital iJogjauhttp://ijogja.id/publications/books/27073 aYOPDYOG aBibliografi : halaman [133]-1340 aAlexandra KarinaePenerjemah aindgeng aCetakan Kedua, Oktober 2016 aDiterjemahkan dari bahasa inggris a000309-EPD/B.2018 a000310-EPD/B.2018